|
|
|
|
| LEADER |
00000cam a2200000 7i4500 |
| 001 |
0000028155 |
| 005 |
20241121.0 |
| 008 |
181220 my b e |
| 040 |
|
|
|a INS
|b eng
|e rda
|
| 090 |
0 |
0 |
|a CD 547
|
| 110 |
1 |
|
|a Malaysia .
|b Kementerian Kewangan
|
| 245 |
0 |
0 |
|a Penerbitan bahagian indeks harta tanah 2017
|
| 264 |
|
1 |
|a Putrajaya :
|b Jabatan Penilaian dan Perkhidmatan Harta
|c 2017
|
| 300 |
|
|
|a 1 CD ;
|c 4 3/4 inci.
|
| 336 |
|
|
|a computer dataset
|2 rdacontent
|
| 337 |
|
|
|a computer
|2 rdamedia
|
| 338 |
|
|
|a computer disc
|2 rdacarrier
|
| 500 |
|
|
|a Mengandungi : 1. Laporan Stok Harta Tanah 2018., 2. Laporan Status Pasaran Harta Tanah Kediaman, Kedai dan Industri., 3. Laporan Bangunan Perdagangan: Penghunian dan Kepadatan Ruang Boleh Disewa
|
| 650 |
|
0 |
|a Property -- Periodicals -- Malaysia
|
| 650 |
|
0 |
|a Real estate business -- Periodicals -- Malaysia
|
| 710 |
1 |
|
|a Jabatan Penilaian dan Perkhidmatan Harta
|
| 999 |
|
|
|a CD00000549
|b CD-ROM
|c Media Collection
|e Default branch
|